| 000 | 00920cam a22002053a 4500 | ||
|---|---|---|---|
| 001 | 45426 | ||
| 003 | PGUSA | ||
| 005 | 20140828084042.0 | ||
| 008 | 140417s2014||||xxu|||||s|||||000 | eng d | ||
| 040 |
_aPGUSA _beng |
||
| 042 | _adc | ||
| 100 | 1 |
_aWhite, Gleeson, _d1851-1898 |
|
| 245 | 1 | 0 |
_aEnglish Illustration 'The Sixties' : _b1855-70 : With Numerous Illustrations by Ford Madox Brown; A. Boyd Houghton; Arthur Hughes; Charles Keene; M. J. Lawless; Lord Leighton, P. R.A.; Sir J. E. Millais, P. R.A.; G. Du Maurier; J. W. North, R.A.: G. J. Pinwell; Dante Gabriel Rossetti; W. Small; Frederick Sandys: J. Mcneill Whistler; Frederick Walker, A.R.A.; and Others _h[electronic resource] / _cGleeson White |
| 260 |
_bProject Gutenberg, _c2014 |
||
| 506 | _aPublic domain in the USA. | ||
| 516 | _aElectronic text | ||
| 830 | 0 |
_aProject Gutenberg _v45426 |
|
| 856 | 4 | 0 | _uhttp://www.gutenberg.org/ebooks/45426 |
| 942 | _cEB | ||
| 999 |
_c274677 _d274677 |
||